Základné faktory konkurencieschopnosti Slovenskej republiky

Analýza konkurencieschopnosti SR v porovnaní s krajinami strednej Európy a ohodnotenie základných faktorov, vplývajúcich na jej konkurencieschopnosť na základe informácií WEF.

Saved in:
Bibliographic Details
Main Author: Bondareva, Irina
Other Authors: Tomčík, Róbert
Format: Book Chapter
Language:Slovak
Subjects:
Tags: Add Tag
No Tags, Be the first to tag this record!

MARC

LEADER 00000nla a2200000 4500
001 0182782
005 20220718112411.1
041 0 |a slo 
044 |a SK 
245 1 0 |a Základné faktory konkurencieschopnosti Slovenskej republiky  |c Irina Bondareva, Róbert Tomčík 
520 |a Analýza konkurencieschopnosti SR v porovnaní s krajinami strednej Európy a ohodnotenie základných faktorov, vplývajúcich na jej konkurencieschopnosť na základe informácií WEF. 
610 2 0 |a Slovensko 
610 2 0 |a stredná Európa 
610 2 0 |a porovnanie medzinárodné 
610 2 0 |a analýza ekonomická 
610 2 0 |a konkurencieschopnosť 
100 1 |a Bondareva, Irina 
700 1 |a Tomčík, Róbert